Responses for Show #5733 - Wednesday, July 8, 2009

Contestants

[<< previous game]

Clare O'Keeffe, an editorial assistant from Hyannisport, Massachusetts

Henok Kebede, a musician from Wheaton, Maryland

Alyssa McRae, a gift card production designer from Philadelphia, Pennsylvania (whose 1-day cash winnings total $20,401)

[next game >>]

Jeopardy! Round responses

TO THE LIGHTHOUSE
(Alex: We'll take you there. You have to identify the state.)
SONG TITLES' MISSING BEGINNINGS
THE FROG ROLLS IN
DOT-COM DOOM
GET OUTTA MY DREAMS
GET INTO MY CZAR
    $200 9
Florida

Alyssa
    $200 17
"Ain't No"

Alyssa
    $200 8
tails

Clare
    $200 16
(Clare: What is a tsunami?)

bubble

HenokClare
    $200 6
Secretary-General of the United Nations

Triple Stumper
    $200 1
Caesar

Henok
    $400 12
New York

Henok
    $400 18
"Penny"

Alyssa
    $400 10
a bullfrog

Alyssa
    $400 27
the Super Bowl

Henok
    $400 7
Volcanoes National Park

Triple Stumper
    $400 2
Ivan the Terrible

Clare
    $600 13
Wisconsin

Henok
    $600 19
(Alyssa: What is "Save"? ...What is "Saved"?)

"Save The"

AlyssaClare
    $600 11
webbed

Clare
    $600 28
NASDAQ

Alyssa
    $600 24
a lynx

Henok
    $600 3
Kiev

Henok
    $800 14
Connecticut

Alyssa
    $800 20
"Wake Me Up"

Clare
    $800 22
Calaveras

Alyssa
    $800 29
Microsoft

Clare
    $800 25
Massachusetts

Henok
    $800 4
the Romanovs

Henok
    $1000 15
(Alex: Yes, and didn't they all sound like beers?)

South Carolina

Alyssa
    $1000 21
(Clare: What is "I'm Walking On"?)
[Initially ruled incorrect, reversed before Daily Double at clue 23]
(Henok: What's "Walkin'"?)
[Ruled incorrect, but Henok refunded his money back]

"Walking On"

AlyssaClare
    $1,200 23
(Alyssa: What are the tibia and fibia?)
(Alex: Oh, gosh. You were so close. It's [*], not tibia, fibia.)

the tibia & the fibula

Alyssa
    $1000 30
dot-composts

Triple Stumper
    $1000 26
The Art of War

Henok
    $1000 5
(Henok: Who is Peter the Great?)
(Clare: Who is Onegin?)

Boris Godunov

HenokClare
Triple Stumper

Scores at the first commercial break (after clue 16):

Alyssa Henok Clare
$2,400 $1,800 $0

Scores at the end of the Jeopardy! Round:

Alyssa Henok Clare
$3,600 $4,600 $3,200

Double Jeopardy! Round responses

THIS AMERICAN LIFE
"M.J."
COLD CALLS
SHOP 'TIL YOU DROP
3 CHARACTERS IN SEARCH OF AN AUTHOR
SELF-CONTRADICTORY WORDS
    $400 11
Annie Oakley

Clare
    $400 6
Michael Jackson

Clare
    $400 16
the Arctic Circle

Clare
    $400 21
Wal-Mart

Alyssa
    $400 1
Charles Dickens

Clare
    $400 26
a strike

Henok
    $800 12
Walt Whitman

Alyssa
    $800 7
Mick Jagger

Henok
    $800 17
reflect it

Henok
    $800 22
Nordstrom

Alyssa
    $800 2
Tom Clancy

Henok
    $800 27
a check

Henok
    $1200 13
Harriet Beecher Stowe

Alyssa
    $1200 8
Magic Johnson

Clare
    $1200 18
thaw

Clare
    $1200 23
Best Buy

Clare
    $1200 3
Stephen King

Clare
    $1200 28
execute

Clare
    $1600 14
Andrew Johnson

Alyssa
    $1600 9
(Clare: Who is Mary J. Blige?)

Mahalia Jackson

HenokClare
    $1600 19
the temperature

Clare
    $1600 24
Pacific Sunwear

Clare
    $1600 4
(Saul) Bellow

Henok
    $1600 29
(Henok: ...[Shakes head])

bound

Henok
Triple Stumper
    $2,200 15
Clara Barton

Alyssa
    $2000 10
Mike Judge

Clare
    $2000 20
sublimation

Clare
    $2000 25
Abercrombie & Fitch

Alyssa
    $2000 5
Nathaniel Hawthorne

Triple Stumper
    $2,500 30
(Clare: Um... to temper?)

buckle

Clare

Scores at the end of the Double Jeopardy! Round:

Alyssa Henok Clare
$12,600 $9,800 $13,900

[wagering suggestions for these scores]

Final Jeopardy! Round responses

ROYALTY
HenokWho is Prince Charles?
$9,800
AlyssaWho is Prince Phillip?
$10,000
ClareWho is Prince Charles
$12,000
Prince Philip

Final scores:

Alyssa Henok Clare
$22,600 $0 $1,900
2-day champion: $43,001 3rd place: $1,000 2nd place: $2,000

Game dynamics:

Coryat scores:

Alyssa Henok Clare
$13,600 $9,800 $16,400
16 R
(including 1 DD),
2 W
(including 1 DD)
17 R,
2 W
20 R,
4 W
(including 1 DD)

Combined Coryat: $39,800

[game clues] [game scores] [suggest correction]

Game tape date: 2009-03-25
The J! Archive is created by fans, for fans. Scraping, republication, monetization, and malicious use prohibited; this site may use cookies and collect identifying information. See terms. The Jeopardy! game show and all elements thereof, including but not limited to copyright and trademark thereto, are the property of Jeopardy Productions, Inc. and are protected under law. This website is not affiliated with, sponsored by, or operated by Jeopardy Productions, Inc. Join the discussion at JBoard.tv.